| 000 | | | 03921nmc2a22000003x 450 |
| 001 | | | 968a3eaf-9139-4de8-9770-1aba1babd746 |
| 005 | | | 20180712104157.0 |
| 100 | ## | $a | 20160413l18711872k l0rusy0189 ca |
| 101 | 0# | $a | rus |
| 102 | ## | $a | RU |
| 200 | 1# | $a | Дело о полемике с "Московскими ведомостями" |
| | $j | 1871 г. - 9 января 1872 г. |
| | $e | Письмо А.С. Воронова И.Д. Делянову с жалобой на "Петербургские ведомости" и его статья "Ответ господину Каткову по вопросу о реальных гимназиях…" и другое |
| 251 | ## | $c | Дело |
| 300 | ## | $a | Автограф, гранки статьи А.С. Воронова "Еще ответ на статью "Современной летописи" о трудах Ученого комитета |
| 801 | #0 | $a | RU |
| | $b | РГИА |
| | $c | 20160413 |
| | $g | RCR |
| 801 | #1 | $a | RU |
| | $b | ГлавНИВЦ |
| | $c | 20160413 |
| | $2 | rusmarc |
| 801 | #2 | $a | RU |
| | $b | ПБ им. Б.Н. Ельцина |
| | $c | 20180712 |
| | $g | RCR |
| | $2 | rusmarc |
| 850 | ## | $a | РГИА |
| 852 | ## | $a | РГИА |
| | $e | Федеральное казенное учреждение "Российский государственный исторический архив" (РГИА) |
| | $j | 4 |
| 937 | ## | $h | РГИА |
| | $d | 12201695 |
| | $a | ASBIBLIO_SCAN |
| 462 | #0 | $1 | 001d00eb924-b8c4-46ea-b08b-551519b642a2 |
| | $1 | 2001 |
| | $a | Личные документы А.С. Воронова и материалы по вопросам народного образования в России |
| | $1 | 251 |
| | $c | Опись |
| | $1 | 852 |
| | $j | 1 |
| 461 | #0 | $1 | 001f6df60a8-a3d6-445b-9e6a-669b0dd5e9bc |
| | $1 | 2001 |
| | $a | Воронов Андрей Степанович (1818-1875) |
| | $1 | 251 |
| | $c | Фонд |
| | $1 | 852 |
| | $j | 845 |
| 215 | ## | $a | 36 л. |
| | $d | 36,5х26 см |
| 371 | ## | $a | Документ не является опубликованным и широко распространяемым |
| 105 | ## | $a | y### |
| 122 | 2# | $a | d |
| 035 | ## | $a | 968a3eaf-9139-4de8-9770-1aba1babd746 |
| 856 | ## | $u | http://readingroom.main.prlib.ru/item.aspx?id_node=n117217622&mode=full |